| 000 | 00359 a2200145 4500 | ||
|---|---|---|---|
| 999 |
_c320838 _d320838 |
||
| 001 | 85765 | ||
| 003 | NUST | ||
| 005 | 20180119201755.0 | ||
| 008 | 180119b xxu||||| |||| 00| 0 eng d | ||
| 082 | _a306.2 CHI | ||
| 100 |
_aStephen Chilton _99159 |
||
| 245 |
_aGrounding Political Development _hEnglish |
||
| 250 | _a1st | ||
| 260 |
_aUK _bLynne Rienner _c1991 |
||
| 300 | _aviii 135p. | ||
| 500 | _aGifted By AM Masood Akhtar | ||
| 942 |
_acaenust _cBK _k306.2 CHI _2ddc |
||